000 00640nam a2200241Ia 4500
003 OSt
005 20220924131807.0
006 a|||||r|||| 00| 0
007 ta
008 220923b |||||||| |||| 00| 0 tel d
024 _a339867
037 _cTextual
040 _aARTS
_cARTS
_btel
041 _2tel
_atel
082 _a035,3N13,1, K2;1
100 _aRavuru Au.
_9202878
245 0 _aAashamashi
260 _aVijayawada
_bAnnapoorna publishers India
_c1962
300 _a100p.
_ccm.
650 _aTELUGU LITERATURE
942 _h035,3N13,1, K2;1
_cTEXL
_2CC
999 _c428203
_d428203